|
|
|
|
| LEADER |
00000cam a2200000 c 4500 |
| 001 |
1084244705 |
| 003 |
DE-627 |
| 005 |
20220514111354.0 |
| 007 |
tu |
| 008 |
880628s1987 xx ||||| m 00| ||und c |
| 035 |
|
|
|a (DE-627)1084244705
|
| 035 |
|
|
|a (DE-576)014244705
|
| 035 |
|
|
|a (DE-599)BSZ014244705
|
| 035 |
|
|
|a (OCoLC)214298443
|
| 040 |
|
|
|a DE-627
|b ger
|c DE-627
|e rakwb
|
| 100 |
1 |
|
|a Neal, David J.
|0 (DE-627)1234870665
|0 (DE-576)164870660
|4 aut
|
| 109 |
|
|
|a Neal, David J.
|a Neal, David
|
| 245 |
1 |
4 |
|a The rule of law in a penal colony
|b law and politics in New South Wales; 1788 - 1840
|c Neal, David John
|
| 264 |
|
1 |
|a Ann Arbor, Mich.
|b University Microfilms Internat.
|c 1987
|
| 300 |
|
|
|a VIII, 236 S.
|
| 336 |
|
|
|a Text
|b txt
|2 rdacontent
|
| 337 |
|
|
|a ohne Hilfsmittel zu benutzen
|b n
|2 rdamedia
|
| 338 |
|
|
|a Band
|b nc
|2 rdacarrier
|
| 502 |
|
|
|a Zugl.: Berkeley, Univ. of Calif.., Diss., 1987
|
| 583 |
1 |
|
|a Archivierung prüfen
|c 20200919
|f DE-640
|z 2
|2 pdager
|
| 655 |
|
7 |
|a Hochschulschrift
|0 (DE-588)4113937-9
|0 (DE-627)105825778
|0 (DE-576)209480580
|2 gnd-content
|
| 951 |
|
|
|a BO
|
| ELC |
|
|
|b 1
|
| LOK |
|
|
|0 000 xxxxxcx a22 zn 4500
|
| LOK |
|
|
|0 001 2107535965
|
| LOK |
|
|
|0 003 DE-627
|
| LOK |
|
|
|0 004 1084244705
|
| LOK |
|
|
|0 005 20151023135819
|
| LOK |
|
|
|0 008 880628||||||||||||||||ger|||||||
|
| LOK |
|
|
|0 040
|a DE-21
|c DE-627
|d DE-21
|
| LOK |
|
|
|0 852
|a DE-21
|
| LOK |
|
|
|0 852 1
|c KB 18 A 3724
|9 00
|
| LOK |
|
|
|0 866
|x Kopie
|
| LOK |
|
|
|0 935
|a krim
|
| LOK |
|
|
|0 939
|a 28-06-88
|b l01
|
| ORI |
|
|
|a SA-MARC-krimdoka001.raw
|
| SIG |
|
|
|a UB: KB 18 A 3724
|